| 000 | 01010cad a22002415a 4500 | ||
|---|---|---|---|
| 001 | E150032 | ||
| 008 | 100525s2010 xxk f000 0 eng u | ||
| 020 | _a9781859463710 | ||
| 035 | _a(Sirsi) u150032 | ||
| 041 | 0 | _aeng | |
| 050 | _a692.2 | ||
| 110 |
_aUnited Kingdom _bHM Government _95056 |
||
| 245 | 0 | 0 |
_aApproved document J _bcombustion appliances and fuel storage systems _h[electronic resource] |
| 250 | _a2010 ed. | ||
| 260 |
_aLondon _bHM Government _c2010 |
||
| 520 | _aNew edition of approved document J, coming into effect from 1 October 2010. Deals with combustion appliances and fuel storage systems in the Building Regulations 2000 (as amended). | ||
| 590 | _aKA | ||
| 650 | _aBUILDING REGULATIONS 2000 APPROVED DOCUMENT J (2010 EDITION) | ||
| 651 | 4 |
_aEngland and Wales _y1543- |
|
| 690 |
_aBuilding regulations _96224 |
||
| 856 | 4 | 0 |
_uhttps://www.planningportal.gov.uk/uploads/br/BR_PDF_ADJ_2010.pdf _zView the Approved Document free of charge at www.planningportal.gov.uk |
| 942 | _n0 | ||
| 999 |
_c110704 _d110704 |
||